Ruské konverzačné cvičenia pre ekonómov

Salvato in:
Dettagli Bibliografici
Autore principale: Breznický, Michal
Ente Autore: Vysoká škola ekonomická v Bratislave. Obchodná fakulta
Altri autori: Bobaľová, Emília, 1931-, Gažová, Oľga
Natura: Libro
Lingua:slovacco
Pubblicazione: Bratislava VŠE 1974
Tags: Aggiungi Tag
Nessun Tag, puoi essere il primo ad aggiungerne!!

MARC

LEADER 00000nam a2200000 4500
001 c120738
005 20190107133211.1
041 0 |a slo 
044 |a SK 
245 1 0 |a Ruské konverzačné cvičenia pre ekonómov  |c Michal Breznický, Emília Bobáľová a Oľga Gažová 
264 1 |a Bratislava  |b VŠE  |c 1974 
300 |a 196 s. 
100 1 |a Breznický, Michal 
700 1 |a Bobaľová, Emília, 1931- 
700 1 |a Gažová, Oľga 
710 2 |a Vysoká škola ekonomická v Bratislave. Obchodná fakulta